Environmental forensics : (Record no. 332176)

000 -LEADER
fixed length control field 01345cam a22003254a 4500
001 - CONTROL NUMBER
control field 200413
003 - CONTROL NUMBER IDENTIFIER
control field NUST
005 - DATE AND TIME OF LATEST TRANSACTION
control field 20171116122245.0
008 - FIXED-LENGTH DATA ELEMENTS--GENERAL INFORMATION
fixed length control field 990714s2000 flua b 001 0 eng
010 ## - LIBRARY OF CONGRESS CONTROL NUMBER
LC control number 99040624
020 ## - INTERNATIONAL STANDARD BOOK NUMBER
International Standard Book Number 0849320585 (alk. paper)
035 ## - SYSTEM CONTROL NUMBER
System control number (DLC) 99040624
040 ## - CATALOGING SOURCE
Original cataloging agency DLC
Transcribing agency DLC
Modifying agency DLC
042 ## - AUTHENTICATION CODE
Authentication code pcc
050 00 - LIBRARY OF CONGRESS CALL NUMBER
Classification number TD193.4
Item number .M67 1999
082 00 - DEWEY DECIMAL CLASSIFICATION NUMBER
Classification number 628.5 MOR
Edition number 21
100 1# - MAIN ENTRY--PERSONAL NAME
Personal name Morrison, Robert D.
9 (RLIN) 6459
245 10 - TITLE STATEMENT
Title Environmental forensics :
Remainder of title principles & applications /
Statement of responsibility, etc. Robert D. Morrison.
260 ## - PUBLICATION, DISTRIBUTION, ETC.
Place of publication, distribution, etc. Boca Raton :
Name of publisher, distributor, etc. CRC Press,
Date of publication, distribution, etc. c2000.
300 ## - PHYSICAL DESCRIPTION
Extent 351 p. :
Other physical details ill. (some col.) ;
Dimensions 24 cm.
500 ## - GENERAL NOTE
General note H.B
504 ## - BIBLIOGRAPHY, ETC. NOTE
Bibliography, etc. note Includes bibliographical references and index.
650 #0 - SUBJECT ADDED ENTRY--TOPICAL TERM
Topical term or geographic name entry element Environmental forensics.
9 (RLIN) 6460
650 #0 - SUBJECT ADDED ENTRY--TOPICAL TERM
Topical term or geographic name entry element Solvents
General subdivision Environmental aspects.
9 (RLIN) 6461
650 #0 - SUBJECT ADDED ENTRY--TOPICAL TERM
Topical term or geographic name entry element Organochlorine compounds
General subdivision Environmental aspects.
9 (RLIN) 6462
650 #0 - SUBJECT ADDED ENTRY--TOPICAL TERM
Topical term or geographic name entry element Petroleum chemicals
General subdivision Environmental aspects.
9 (RLIN) 6463
650 #0 - SUBJECT ADDED ENTRY--TOPICAL TERM
Topical term or geographic name entry element Hydrocarbons
General subdivision Environmental aspects.
9 (RLIN) 6464
650 #0 - SUBJECT ADDED ENTRY--TOPICAL TERM
Topical term or geographic name entry element Groundwater flow.
9 (RLIN) 2324
856 42 - ELECTRONIC LOCATION AND ACCESS
Materials specified Publisher description
Uniform Resource Identifier <a href="http://www.loc.gov/catdir/enhancements/fy0646/99040624-d.html">http://www.loc.gov/catdir/enhancements/fy0646/99040624-d.html</a>
906 ## - LOCAL DATA ELEMENT F, LDF (RLIN)
a 7
b cbc
c orignew
d 1
e ocip
f 19
g y-gencatlg
942 ## - ADDED ENTRY ELEMENTS (KOHA)
Source of classification or shelving scheme
Koha item type Book
Call number prefix IESE
Holdings
Withdrawn status Lost status Source of classification or shelving scheme Damaged status Not for loan Collection code Permanent Location Current Location Shelving location Date acquired Total Checkouts Full call number Barcode Date last seen Price effective from Koha item type
            Institute of Environmental Science and Engineering (IESE) Institute of Environmental Science and Engineering (IESE) General Stacks 11/16/2017   628.5 MOR IESE-930 11/16/2017 11/16/2017 Book
© 2023 Central Library, National University of Sciences and Technology. All Rights Reserved.